<?xml version="1.0" encoding="UTF-8"?>
<record
    xmlns:xsi="http://www.w3.org/2001/XMLSchema-instance"
    xsi:schemaLocation="http://www.loc.gov/MARC21/slim http://www.loc.gov/standards/marcxml/schema/MARC21slim.xsd"
    xmlns="http://www.loc.gov/MARC21/slim">

  <leader>00778na  a2200241   4500</leader>
  <controlfield tag="001">15424</controlfield>
  <controlfield tag="003">MIRAKIL</controlfield>
  <controlfield tag="005">20181213154908.0</controlfield>
  <controlfield tag="008">161019b        tu            000 0      </controlfield>
  <datafield tag="035" ind1=" " ind2=" ">
    <subfield code="a">15424</subfield>
  </datafield>
  <datafield tag="040" ind1=" " ind2=" ">
    <subfield code="a">Milas</subfield>
    <subfield code="b">tur</subfield>
    <subfield code="c">TR-AnCHP</subfield>
  </datafield>
  <datafield tag="041" ind1=" " ind2=" ">
    <subfield code="a">tur</subfield>
  </datafield>
  <datafield tag="082" ind1=" " ind2=" ">
    <subfield code="a">324.172</subfield>
    <subfield code="b">S67s 1985</subfield>
  </datafield>
  <datafield tag="090" ind1=" " ind2=" ">
    <subfield code="a">324.172 S67s 1985</subfield>
  </datafield>
  <datafield tag="111" ind1=" " ind2=" ">
    <subfield code="a">Sosyal Demokrasi Partisi (SODEP)</subfield>
    <subfield code="c">Ankara</subfield>
    <subfield code="d">1985</subfield>
  </datafield>
  <datafield tag="245" ind1=" " ind2=" ">
    <subfield code="a">Sosyal Demokrasi Partisi (SODEP)</subfield>
    <subfield code="b">3.nc&#xFC; k&#xFC;&#xE7;&#xFC;k kongresi 10- 11 A&#x11F;utos 1985</subfield>
    <subfield code="c">Sosyal Demokrasi Partisi</subfield>
  </datafield>
  <datafield tag="246" ind1=" " ind2=" ">
    <subfield code="a">3.nc&#xFC; k&#xFC;&#xE7;&#xFC;k kongresi 10- 11 A&#x11F;utos 1985</subfield>
  </datafield>
  <datafield tag="260" ind1=" " ind2=" ">
    <subfield code="a">Ankara</subfield>
    <subfield code="b">[yay.y.]</subfield>
    <subfield code="c">1985</subfield>
  </datafield>
  <datafield tag="300" ind1=" " ind2=" ">
    <subfield code="a">194 s.</subfield>
    <subfield code="c">29 sm.</subfield>
  </datafield>
  <datafield tag="610" ind1=" " ind2=" ">
    <subfield code="a">Sosyal Demokrasi Partisi (SODEP)</subfield>
    <subfield code="x">Kongreler, 3</subfield>
  </datafield>
  <datafield tag="650" ind1=" " ind2=" ">
    <subfield code="a">Siyasal partiler</subfield>
    <subfield code="y">Kongreler</subfield>
    <subfield code="z">T&#xFC;rkiye</subfield>
  </datafield>
  <datafield tag="942" ind1=" " ind2=" ">
    <subfield code="2">ddc</subfield>
    <subfield code="c">BKS</subfield>
  </datafield>
  <datafield tag="952" ind1=" " ind2=" ">
    <subfield code="a">0001</subfield>
    <subfield code="b">0001</subfield>
    <subfield code="d">2016-09-09</subfield>
    <subfield code="e">2</subfield>
    <subfield code="l">0</subfield>
    <subfield code="o">324.172 S67s 1985</subfield>
    <subfield code="p">003413</subfield>
    <subfield code="r">2016-09-09 00:00:00</subfield>
    <subfield code="v">0.00</subfield>
    <subfield code="w">2016-09-09</subfield>
    <subfield code="y">BKS</subfield>
  </datafield>
  <datafield tag="999" ind1=" " ind2=" ">
    <subfield code="c">2759</subfield>
    <subfield code="d">2759</subfield>
  </datafield>
</record>
